LEADER 00769nam0-22002531i-450 001 990002592240403321 005 20231117104000.0 035 $a000259224 035 $aFED01000259224 035 $a(Aleph)000259224FED01 100 $a20000920d1963----km-y0itay50------ba 101 0 $aita 102 $aIT 200 1 $aIstituzioni monetaria e bancaria nella Russia sovietica$eEvoluzione e critica dal 1917 ai nostri giorni$fdi SCUOTTO Ugo 210 $aRoma$cPatena$d1963 215 $a179 p.$d24 cm 700 1$aScuotto,$bUgo$0105413 801 0$aIT$bUNINA$gRICA$2UNIMARC 901 $aBK 912 $a990002592240403321 952 $aC3-P06-04-RA$bN.I.$fECA 959 $aECA 996 $aIstituzioni monetaria e bancaria nella Russia sovietica$9435438 997 $aUNINA